000 00493 a2200193 4500
005 20250526103338.0
008 250526b |||||||| |||| 00| 0 eng d
020 _a9781259004971
_cRs. 810.00
040 _aMAIN
082 _a647.94
_bA27H
100 _aAndrews, Sudhir
245 _aHotel front office training manual
250 _a3rd
260 _bMcGraw Hill
_c2023
_aChennai
300 _axxxv, 374
650 _aHotel Organisation
650 _aTravel And Tourism
942 _cBK
999 _c360602
_d360602